Electronic devices conventional current version (Record no. 590514)
[ view plain ]
| 000 -LEADER | |
|---|---|
| fixed length control field | 01010nam a22001697a 4500 |
| 003 - CONTROL NUMBER IDENTIFIER | |
| control field | NUST |
| 005 - DATE AND TIME OF LATEST TRANSACTION | |
| control field | 20251111115050.0 |
| 020 ## - INTERNATIONAL STANDARD BOOK NUMBER | |
| International Standard Book Number | 978-1-292-22299-8 |
| 082 ## - DEWEY DECIMAL CLASSIFICATION NUMBER | |
| Classification number | 621.38152, FLO |
| 100 ## - MAIN ENTRY--PERSONAL NAME | |
| Relator code | Thomas L. Floyd |
| 245 ## - TITLE STATEMENT | |
| Title | Electronic devices conventional current version |
| 250 ## - EDITION STATEMENT | |
| Edition statement | 10 Edition |
| Remainder of edition statement | Global Edition |
| 260 ## - PUBLICATION, DISTRIBUTION, ETC. | |
| Place of publication, distribution, etc. | UK |
| Name of publisher, distributor, etc. | Pearson |
| Date of publication, distribution, etc. | 2018 |
| 300 ## - PHYSICAL DESCRIPTION | |
| Extent | 928.Pages |
| 505 ## - FORMATTED CONTENTS NOTE | |
| Formatted contents note | Introduction to Semiconductors (Page-1),Diodes and Applications (Page-42),<br/>Special-Purpose Diodes (Page-120),Bipolar Junction Transistors (Page-181),<br/>Transistor Bias Circuits (Page-234),BJT Amplifiers (Page-273),BJT Power Amplifiers (Page-337),Field-Effect Transistors (FETs) (Page-382),FET Amplifiers and Switching Circuits (Page-452),Amplifier Frequency Response (Page-511),Thyristors (Page-570),The Operational Amplifier (Page-608),Basic Op-Amp Circuits (Page-674),Special-Purpose Integrated Circuits (Page-725),<br/>Active Filters (Page-771),Oscillators (Page-814),Voltage Regulators (Page-859). |
| 942 ## - ADDED ENTRY ELEMENTS (KOHA) | |
| Source of classification or shelving scheme | |
| Koha item type | Book |
| Withdrawn status | Lost status | Source of classification or shelving scheme | Damaged status | Not for loan | Permanent Location | Current Location | Shelving location | Date acquired | Full call number | Barcode | Date last seen | Price effective from | Koha item type | Public note |
|---|---|---|---|---|---|---|---|---|---|---|---|---|---|---|
| Military College of Signals (MCS) | Military College of Signals (MCS) | Reference | 07/22/2022 | 621.38152,FLO | MCS38636 | 07/22/2022 | 07/22/2022 | Book | Almirah Fresh No.45, Shelf No.3 | |||||
| Military College of Signals (MCS) | Military College of Signals (MCS) | General Stacks | 08/28/2024 | 621.38152,FLO | MCS38791 | 08/28/2024 | 08/28/2024 | Book | Almirah No.33, Shelf No.4 |
